Statistiques concernant Communes des Pyrénées-Orientales contenant chaque lettre A-Z

Cliquez ici pour prendre le quiz!

Statistiques générales

  • Ce quiz a été pris 42 fois
  • Le résultat moyen est 104 sur 294

Statistiques - réponses

Commence parContient# possiblesExempleCommunes% Correct
PR15Perpignan
97%
PA16Perpignan
97%
PP22Perpignan
97%
PE17Perpignan
97%
PN11Perpignan
95%
PI8Perpignan
95%
PG4Perpignan
89%
AA8Alénya
84%
CR15Canet-en-Roussillon
84%
CT11Cabestany
84%
CC33Cabestany
84%
AS6Amélie-les-Bains-Palalda
84%
CE26Cabestany
84%
AL7Alénya
84%
AR4Angoustrine-Villeneuve-des-Escaldes
81%
AU5Angoustrine-Villeneuve-des-Escaldes
81%
AG4Angoustrine-Villeneuve-des-Escaldes
81%
AE6Alénya
81%
PS11Passa
78%
LE18L'Albère
78%
AM2Amélie-les-Bains-Palalda
78%
PD8Palau-de-Cerdagne
78%
LL23L'Albère
78%
CO17Campôme
73%
CL18Calce
73%
CI13Caixas
73%
LR12L'Albère
70%
CU7Campoussy
70%
LS12Les Angles
70%
LB7L'Albère
68%
BB13Bages
68%
BA11Bages
68%
LA15L'Albère
65%
BS7Bages
65%
ST23Saint-André
65%
SS32Sahorre
65%
SE26Sahorre
65%
SA31Sahorre
65%
SI25Saillagouse
65%
SN26Saint-André
65%
CS18Cabestany
62%
SC9Saint-Arnac
62%
CA28Cabestany
62%
CN15Cabestany
62%
SP5Saint-Cyprien
62%
SR17Sahorre
62%
LC7Le Barcarès
62%
BM4Banyuls-sur-Mer
62%
SL19Saillagouse
59%
CB5Cabestany
59%
SD15Saint-André
57%
LO10Le Boulou
57%
SO17Sahorre
57%
SU12Saillagouse
57%
BP2Banyuls-dels-Aspres
57%
SY4Saint-Cyprien
57%
BE9Bages
57%
BR6Banyuls-dels-Aspres
57%
BU7Banyuls-dels-Aspres
57%
BL8Baillestavy
54%
BD3Banyuls-dels-Aspres
54%
EE12Égat
54%
PO10Peyrestortes
51%
PT10Peyrestortes
51%
LU10Le Boulou
51%
RR9Rabouillet
49%
RA7Rabouillet
49%
EN4Elne
49%
RI6Rabouillet
49%
RS5Rasiguères
49%
TT17Taillet
46%
VA11Valcebollère
46%
TE12Taillet
46%
EL4Elne
46%
BN4Banyuls-dels-Aspres
46%
BY3Baillestavy
46%
VV13Valcebollère
46%
AN4Alénya
46%
MM16Mantet
46%
FU8Feilluns
43%
FT5Fenouillet
43%
MI7Marquixanes
43%
MS8Marquixanes
43%
RE7Rabouillet
43%
TS9Targasonne
43%
TR12Tarerach
43%
TO5Targasonne
43%
TL9Taillet
43%
VI11Vernet-les-Bains
43%
RL4Rabouillet
43%
RT2Rabouillet
43%
SF6Saint-Féliu-d'Amont
43%
SM6Saint-Féliu-d'Amont
43%
FR6Finestret
43%
ML9Matemale
43%
FI8Feilluns
43%
FO8Fenouillet
43%
FN6Feilluns
43%
FM2Font-Romeu-Odeillo-Via
43%
FD2Font-Romeu-Odeillo-Via
43%
VN9Valmanya
43%
FE9Feilluns
43%
FF11Feilluns
43%
FA3Font-Romeu-Odeillo-Via
43%
FL5Feilluns
43%
PV4Palau-del-Vidre
41%
VO6Valcebollère
41%
VL9Valcebollère
41%
MA10Mantet
41%
RV1Rivesaltes
41%
AB3Amélie-les-Bains-Palalda
41%
AI4Amélie-les-Bains-Palalda
41%
MN11Mantet
41%
MO10Molitg-les-Bains
41%
MT12Mantet
41%
LN7Les Angles
41%
MU7Marquixanes
41%
PL11Palau-de-Cerdagne
41%
FV1Font-Romeu-Odeillo-Via
41%
VE9Valcebollère
41%
TI8Taillet
38%
ET6Égat
38%
ES7Escaro
38%
SV2Saint-Estève
38%
LT6La Bastide
38%
VR7Valcebollère
38%
BO7Baho
38%
VD4Villefranche-de-Conflent
38%
ME11Mantet
35%
AP1Amélie-les-Bains-Palalda
35%
SH4Sahorre
35%
EA6Égat
35%
EG4Égat
35%
VC3Valcebollère
35%
TU7Taulis
35%
VH2Villefranche-de-Conflent
35%
AD2Amélie-les-Bains-Palalda
35%
IE1Ille-sur-Têt
32%
MR7Marquixanes
32%
II1Ille-sur-Têt
32%
PY4Peyrestortes
32%
IL1Ille-sur-Têt
32%
IR1Ille-sur-Têt
32%
IS1Ille-sur-Têt
32%
IT1Ille-sur-Têt
32%
IU1Ille-sur-Têt
32%
VU6Villelongue-de-la-Salanque
32%
VT3Vernet-les-Bains
32%
CY4Cabestany
32%
ER6Err
32%
SQ1Saint-Laurent-de-la-Salanque
32%
TA12Taillet
32%
BG2Bages
30%
VS4Vernet-les-Bains
30%
VM3Valmanya
27%
EO3Escaro
27%
EI3Enveitg
27%
AC2Angoustrine-Villeneuve-des-Escaldes
27%
PC2Palau-de-Cerdagne
27%
OO6Olette
27%
EY2Espira-de-l'Agly
27%
AT3Angoustrine-Villeneuve-des-Escaldes
27%
AY2Alénya
27%
SG3Saillagouse
27%
VQ2Villelongue-de-la-Salanque
27%
VG3Villelongue-de-la-Salanque
27%
BI3Baillestavy
27%
EC2Escaro
27%
TV3Tautavel
24%
LD5La Bastide
24%
CD6Cases-de-Pène
24%
AH1Arles-sur-Tech
24%
TH5Tarerach
24%
OE4Olette
24%
OA3Oreilla
24%
BX1Baixas
24%
VB2Valcebollère
24%
TG2Targasonne
24%
RC1Ria-Sirach
24%
VF1Villefranche-de-Conflent
24%
RH1Ria-Sirach
24%
CV5Canaveilles
24%
FS8Feilluns
24%
UR2Ur
22%
OT2Olette
22%
PF1Pézilla-de-Conflent
22%
EU1Eus
22%
UU2Ur
22%
OJ1Osséja
22%
OS3Oms
22%
PU7Palau-de-Cerdagne
22%
CF4Casefabre
22%
PZ3Pézilla-de-Conflent
22%
EP2Espira-de-Conflent
22%
ED2Espira-de-Conflent
22%
EF1Espira-de-Conflent
22%
MQ2Marquixanes
22%
PM2Porté-Puymorens
22%
BT4Baillestavy
19%
SJ2Saint-Jean-Lasseille
19%
RD2Rigarda
19%
NN4Nahuja
19%
AO2Angoustrine-Villeneuve-des-Escaldes
19%
NA2Nahuja
19%
MX1Marquixanes
19%
MC2Montalba-le-Château
19%
MB4Molitg-les-Bains
19%
NH3Nahuja
19%
LP2Llupia
19%
LH2Le Perthus
19%
LF1Latour-de-France
19%
OL3Olette
19%
TN3Targasonne
19%
LG2Les Angles
16%
LM2Lamanère
16%
CH2Canohès
16%
JO2Joch
16%
JJ2Joch
16%
RO2Rabouillet
16%
FP1Fontpédrouse
16%
NC1Néfiach
16%
NE3Néfiach
16%
EV2Enveitg
16%
NF1Néfiach
16%
NI1Néfiach
16%
NO1Nohèdes
14%
OR3Opoul-Périllos
14%
JL1Jujols
14%
JS1Jujols
14%
JU1Jujols
14%
BH1Baho
14%
OF1Ortaffa
14%
NY1Nyer
14%
NS1Nohèdes
14%
NR1Nyer
14%
LQ2Laroque-des-Albères
14%
ND1Nohèdes
14%
CM5Calmeilles
14%
BQ1Bolquère
14%
FG1Formiguères
14%
CG2Cassagnes
14%
RG2Rasiguères
14%
AV1Angoustrine-Villeneuve-des-Escaldes
14%
RU3Rabouillet
14%
TY1Taurinya
14%
UN1Urbanya
11%
UB1Urbanya
11%
TZ1Théza
11%
UY1Urbanya
11%
UA1Urbanya
11%
MD1Montesquieu-des-Albères
11%
SZ1Saint-Nazaire
11%
NJ1Nahuja
11%
DD1Dorres
11%
DE1Dorres
11%
DO1Dorres
11%
DR1Dorres
11%
DS1Dorres
11%
FB1Fontrabiouse
11%
FQ1Fourques
11%
JH1Joch
11%
LI3La Bastide
11%
MH1Montalba-le-Château
11%
JC1Joch
11%
NU1Nahuja
11%
OP1Opoul-Périllos
11%
RB1Rabouillet
11%
OU1Opoul-Périllos
11%
VY1Valmanya
11%
OI2Opoul-Périllos
11%
GG1Glorianes
8%
GE1Glorianes
8%
BV1Baillestavy
8%
CP3Campôme
8%
CX1Caixas
8%
SB1Sainte-Colombe-de-la-Commanderie
8%
EH1Estoher
8%
OM1Oms
8%
GA1Glorianes
8%
MY1Maury
8%
GI1Glorianes
8%
GL1Glorianes
8%
GN1Glorianes
8%
GO1Glorianes
8%
GR1Glorianes
8%
GS1Glorianes
8%
TC2Tarerach
8%
MG1Molitg-les-Bains
5%
RN1Reynès
5%
RY1Reynès
5%
MF1Montferrer
5%
LV1Le Vivier
5%
PB1Prunet-et-Belpuig
3%
TD1Tordères
3%

Distribution des résultats

Percentile par nombre de réponses

% des personnes avec chaque résultat

Votre développement - résultats

Vous n’avez pas pris ce quiz